Statistics for Alliteration by Letter - R

Click here to take the quiz!

General Stats

  • This quiz has been taken 33,370 times
    (18,394 since last reset)
  • The average score is 12 of 18

Answer Stats

ClueAnswer% Correct
Rudolph the …Red-nosed Reindeer
96%
Jimmy Carter's successorRonald Reagan
96%
Two words that come
between "little" and "hood"
Red Riding
92%
Highway angerRoad Rage
92%
Dangerous game involving a
revolver loaded with a single bullet
Russian Roulette
91%
Famously expensive automobileRolls Royce
82%
Animated bunny who was "framed"Roger Rabbit
81%
Chocolate ice cream with nuts
and marshmallows
Rocky Road
78%
Place to skate in a circle with
wheels on your shoes
Roller Rink
76%
Run that involves passing a batonRelay Race
73%
British SUV modelRange Rover
69%
Tournament format where all teams
play each other once
Round Robin
67%
"Deadpool" and "Van Wilder" actorRyan Reynolds
67%
Actor of "The Sting" and
"The Natural"
Robert Redford
49%
Husband on "I Love Lucy"Ricky Ricardo
38%
Speaker who inflames the
passions of the crowd
Rabble Rouser
28%
Beatles song about a boy in the
"black mountain hills of Dakota"
Rocky Raccoon
23%
Place with padded walls for
the mentally disturbed
Rubber Room
23%

Score Distribution

Percentile by Number Answered

Percent of People with Each Score

Your Score History

You have not taken this quiz since the last reset